000
00254nam a2200097Ia 4500
001
688519
005
20250826161616.0
008
250824s9999 xx 000 0 und d
245
0
_a
OSMANLILAR VE ERMENİLER
_c
EDWARD J. ERİCKSON
260
_b
TİMAŞ YAYINLARI
999
_c
688519
_d
688519